Sardar Patel: (Record no. 52397)

MARC details
000 -LEADER
fixed length control field 00677nam a22002057a 4500
003 - CONTROL NUMBER IDENTIFIER
control field OSt
008 - FIXED-LENGTH DATA ELEMENTS--GENERAL INFORMATION
fixed length control field 260627b |||||||| |||| 00| 0 eng d
020 ## - INTERNATIONAL STANDARD BOOK NUMBER
International Standard Book Number 9781942426363
082 ## - DEWEY DECIMAL CLASSIFICATION NUMBER
Classification number 954.04
Item number A26H
100 ## - MAIN ENTRY--PERSONAL NAME
Personal name Aggarwal, S.N.
245 ## - TITLE STATEMENT
Title Sardar Patel:
Remainder of title The Supreme Architrect In Unification of India
Statement of responsibility, etc. Aggarwal, S.N. (Justice)
260 ## - PUBLICATION, DISTRIBUTION, ETC. (IMPRINT)
Place of publication, distribution, etc Gurugram, Haryana
Name of publisher, distributor, etc Garuda Prakashan
Date of publication, distribution, etc 2020
300 ## - PHYSICAL DESCRIPTION
Extent xxxv., 457p.
365 ## - TRADE PRICE
Price note 599.00, INR
650 ## - SUBJECT ADDED ENTRY--TOPICAL TERM
Topical term or geographic name as entry element India $x History $y 1947
650 ## - SUBJECT ADDED ENTRY--TOPICAL TERM
Topical term or geographic name as entry element Nation-building $z India $x History.
650 ## - SUBJECT ADDED ENTRY--TOPICAL TERM
Topical term or geographic name as entry element Princely states $z India $x History $y 20th century.
650 ## - SUBJECT ADDED ENTRY--TOPICAL TERM
Topical term or geographic name as entry element Integrated States of India $x History.
942 ## - ADDED ENTRY ELEMENTS (KOHA)
Source of classification or shelving scheme
Koha item type Books
Holdings
Withdrawn status Lost status Source of classification or shelving scheme Damaged status Not for loan Home library Current library Shelving location Date acquired Source of acquisition Currency Cost, normal purchase price Full call number Barcode Date last seen Bill Date Koha item type Public note Bill Number
          Dr. Rajendra Prasad Central Agricultural University Pusa, Dr. Rajendra Prasad Central Agricultural University Pusa, General Stacks 27/06/2026 TTPP, New Delhi INR 599.00 954.04 A26H 87690 27/06/2026 29/01/2026 Books Volume-I IN-00449
Hosted, Implemented, Customized & Maintained by: BestBookBuddies

Powered by Koha